Creative nonfiction. (Record no. 222)

MARC details
000 -LEADER
fixed length control field 01142cas a2200301 4500
001 - CONTROL NUMBER
control field 249
005 - DATE AND TIME OF LATEST TRANSACTION
control field 20220419091215.0
007 - PHYSICAL DESCRIPTION FIXED FIELD--GENERAL INFORMATION
fixed length control field t|
008 - FIXED-LENGTH DATA ELEMENTS--GENERAL INFORMATION
fixed length control field 930614c19939999paufr p 0 a0eng c
010 ## - LIBRARY OF CONGRESS CONTROL NUMBER
LC control number 94640710
Canceled/invalid LC control number sn 93007504
022 0# - INTERNATIONAL STANDARD SERIAL NUMBER
International Standard Serial Number 1070-0714
100 ## - MAIN ENTRY--PERSONAL NAME
Personal name Lee Gutkind
245 00 - TITLE STATEMENT
Title Creative nonfiction.
260 ## - PUBLICATION, DISTRIBUTION, ETC.
Place of publication, distribution, etc. Pittsburgh, PA :
Name of publisher, distributor, etc. Creative Nonfiction Foundation, Dept. of English, University of Pittsburgh,
Date of publication, distribution, etc. c1993-
300 ## - PHYSICAL DESCRIPTION
Extent v. ;
Dimensions 22 cm.
310 ## - CURRENT PUBLICATION FREQUENCY
Current publication frequency Semiannual
362 0# - DATES OF PUBLICATION AND/OR SEQUENTIAL DESIGNATION
Dates of publication and/or sequential designation Vol. 1, issue 1-
500 ## - GENERAL NOTE
General note Each issue has also a distinctive title.
General note Latest issue consulted: Issue 37, copyrighted in 2009.
515 ## - NUMBERING PECULIARITIES NOTE
Numbering peculiarities note No. 32 also issued as no. 1 of The best creative nonfiction.
Numbering peculiarities note Vol. designation dropped with <issue 4>
Numbering peculiarities note Vol. numbering ends with v. 1, issue 1 (1993); whole numbering begins with no. 2 (1994).
650 #0 - SUBJECT ADDED ENTRY--TOPICAL TERM
Topical term or geographic name entry element American prose literature
Chronological subdivision 20th century
Form subdivision Periodicals.
Topical term or geographic name entry element Creative nonfiction, American
Form subdivision Periodicals.
Topical term or geographic name entry element Reportage literature, American
Form subdivision Periodicals.
710 2# - ADDED ENTRY--CORPORATE NAME
Corporate name or jurisdiction name as entry element Creative Nonfiction Foundation (U.S.)
942 ## - ADDED ENTRY ELEMENTS (KOHA)
Source of classification or shelving scheme Dewey Decimal Classification
Koha item type Main
Holdings
Withdrawn status Lost status Source of classification or shelving scheme Damaged status Not for loan Collection code Home library Current library Shelving location Date acquired Serial Enumeration / chronology Inventory number Total Checkouts Total Renewals Full call number Barcode Date last seen Date last checked out Price effective from Koha item type
    Dewey Decimal Classification     Main TEST RTC Library RTC Library Main opac 30/08/2021 Vol.22 1274 2 2 814 GUT 30000374 13/10/2021 30/09/2021 27/11/2018 Main
    Dewey Decimal Classification     Main TEST RTC Library RTC Library Main opac   Vol.27 1275     814 GUT 30000151 27/11/2018   27/11/2018 Main
  Lost       Main TEST RTC Library RTC Library Main opac 03/03/2021 Vol.14 1273 22 2 814 C9124c 2006 30001543 27/03/2022 27/03/2022 27/11/2018 Main
    Dewey Decimal Classification     Main TEST RTC Library RTC Library Main opac   Vol.20 1276 1   814 GUT 30001541 20/11/2019 06/11/2019 27/11/2018 Main
    Dewey Decimal Classification     Main TEST RTC Library RTC Library Main opac 23/08/2021 Vol.29 583 4 1 814 GUT 30001529 13/10/2021 12/10/2021 27/11/2018 Main
    Dewey Decimal Classification     Main TEST RTC Library RTC Library Main opac 30/08/2021 Vol.28 1272 4 4 814 GUT 30001449 13/10/2021 30/09/2021 27/11/2018 Main
    Dewey Decimal Classification     Main TEST RTC Library RTC Library Main opac   Vol.10 584     814 GUT 30001552 27/11/2018   27/11/2018 Main
    Dewey Decimal Classification     Main TEST RTC Library RTC Library Main opac   Vol.9 585 4 6 814 GUT 30001542 28/11/2019 06/11/2019 27/11/2018 Main
    Dewey Decimal Classification     Main TEST RTC Library RTC Library Main opac   Vol.7 586     814 GUT 30001544 27/11/2018   27/11/2018 Main
Royal Thimphu College || All Right Reserved